SAARC directory of seed companies/entrepreneurs 2003 (Record no. 44109)

MARC details
000 -LEADER
fixed length control field 00336nam a2200109Ia 4500
020 ## - INTERNATIONAL STANDARD BOOK NUMBER
ISBN 9843210247
082 ## - DEWEY DECIMAL CLASSIFICATION NUMBER
Classification number 338.45:631.531(058)
Item number SAA
245 #0 - TITLE STATEMENT
Title SAARC directory of seed companies/entrepreneurs 2003
260 ## - PUBLICATION, DISTRIBUTION, ETC. (IMPRINT)
Place of publication Bangladesh
Name of publisher SAARC Agricultural Information Centre
Year of publication 2003
942 ## - ADDED ENTRY ELEMENTS (KOHA)
Koha item type Books
Holdings
Withdrawn status Lost status Damaged status Not for loan Home library Current library Date acquired Source of acquisition Full call number Accession Number Koha item type
        RRII Library RRII Library 16/12/2021 Gift 338.45:631.531(058) SAA G00857 Books